10 premiers facteurs de risque cancer - Statistiques

Statistiques générales
  • Ce quiz a été pris 245 fois
  • Le résultat moyen est 4 sur 10
Statistiques - réponses
Hint Réponse % Correct
1 Tabac
100%
2 Alcool
84%
3 Alimentation déséquilibré
42%
7 Rayonnement UV
35%
9 Manque d'activité sportive
29%
4 Surpoids
28%
6 Exposition professionnelle
14%
5 Infection
11%
8 Radiation ionisante
11%
10 Traitement hormonaux
1%
Aucun quiz correspondant
Distribution des résultats
% des personnes avec chaque résultat
Percentile par nombre de réponses
Votre historique - résultats
Vous n’avez pas pris ce quiz